Normal view
MARC view
Entry Personal Name
001 - CONTROL NUMBER
- control field: 1237590
003 - CONTROL NUMBER IDENTIFIER
- control field: OSt
005 - DATE AND TIME OF LATEST TRANSACTION
- control field: 20260430150450.0
008 - FIXED-LENGTH DATA ELEMENTS
- fixed length control field: 260430|| aca||aabn | a|a d
040 ## - CATALOGING SOURCE
- Original cataloging agency: OSt
- Transcribing agency: OSt
100 ## - HEADING--PERSONAL NAME
- Personal name: University of Dehi. Faculty of Arts. Deptt. of Psychology
670 ## - SOURCE DATA FOUND
- Source citation: Work cat.: (OSt)1849844: Bahl Prerna Khetrapal Au.; Chhabra Dinesh Gu. 1237589, Exploratory Study of the Relationship Between Mother-in-Law and Daughter-in-Law in Urban Families, 2023
